[Event "Managua Arellano Memorial"]
[Site "Managua"]
[Date "2023.08.05"]
[Round "7"]
[White "Treminio Umanzor, Leonel Alejandro"]
[Black "Miranda Jarquin, Eduardo Modesto"]
[Result "1/2-1/2"]
[WhiteElo "1313"]
[BlackElo "1652"]
[PlyCount "118"]
[EventDate "2023.07.22"]
[EventType "swiss"]
[EventRounds "9"]
[EventCountry "NCA"]
[SourceTitle "EXT 2024"]
[Source "ChessBase"]
[SourceDate "2023.10.10"]
[SourceVersion "1"]
[SourceVersionDate "2023.10.10"]
[SourceQuality "1"]

1. d4 d5 2. Bf4 c5 3. e3 Nc6 4. Nf3 Bg4 5. Be2 e6 6. c3 Qb6 7. Qb3 c4 8. Qxb6 axb6 9. 0-0 b5 10. Nbd2 Nf6 11. a3 h6 12. h3 Bh5 13. Bd1 b4 14. cxb4 Bxb4 15. Bc2 Bxd2 16. Nxd2 b5 17. Bd6 Kd7 18. Bc5 Rhb8 19. Rfe1 Ne8 20. e4 Bg6 21. exd5 Bxc2 22. dxc6+ Kxc6 23. Rac1 Bd3 24. b3 Nc7 25. bxc4 bxc4 26. Nxc4 Bxc4 27. Rxc4 Kd5 28. Rc2 f6 29. Bf8 Rxf8 30. Rxc7 g5 31. Rd7+ Kc6 32. Re7 Rxa3 33. R7xe6+ Kd5 34. Re7 Ra6 35. Rd7+ Rd6 36. Rxd6+ Kxd6 37. Rc1 h5 38. g4 hxg4 39. hxg4 f5 40. Rc5 fxg4 41. Rxg5 Rf4 42. d5 Rd4 43. Kg2 Ke7 44. Rf5 Rd3 45. Re5+ Kd6 46. Re8 Kxd5 47. Rg8 Ke5 48. Rxg4 Kf5 49. Ra4 Rb3 50. f3 Rb2+ 51. Kg3 Rb3 52. Ra5+ Kf6 53. Kg4 Rb1 54. Ra6+ Kf7 55. f4 Rb5 56. Ra7+ Kf6 57. Ra4 Rc5 58. f5 Rc1 59. Ra6+ Kf7 1/2-1/2

[Event "Managua Arellano Memorial"]
[Site "Managua"]
[Date "2023.07.30"]
[Round "5"]
[White "Valle Alonso, Moises Abraham"]
[Black "Treminio Umanzor, Leonel Alejandro"]
[Result "1-0"]
[WhiteElo "1767"]
[BlackElo "1313"]
[PlyCount "67"]
[EventDate "2023.07.22"]
[EventType "swiss"]
[EventRounds "9"]
[EventCountry "NCA"]
[SourceTitle "EXT 2024"]
[Source "ChessBase"]
[SourceDate "2023.10.10"]
[SourceVersion "1"]
[SourceVersionDate "2023.10.10"]
[SourceQuality "1"]

1. e4 c5 2. Nf3 g6 3. Be2 Bg7 4. 0-0 Nc6 5. Re1 d6 6. c3 Nf6 7. Bb5 Bd7 8. d4 cxd4 9. cxd4 0-0 10. h3 a6 11. Bf1 e6 12. Bf4 Bc8 13. Nbd2 b5 14. a4 b4 15. Bh2 Bb7 16. Nc4 Ne8 17. Qd2 d5 18. exd5 exd5 19. Nce5 a5 20. Bb5 Nxe5 21. dxe5 Nc7 22. Nd4 Qe7 23. Rac1 Nxb5 24. Nxb5 Rac8 25. Nd6 Rxc1 26. Rxc1 Qd7 27. Rc5 f6 28. e6 Qe7 29. Nxb7 Qxb7 30. Rxd5 Bh6 31. Qd1 Re8 32. Rd8 Rxd8 33. Qxd8+ Bf8 34. Bd6 1-0